Institutional investor

Bibliographic Details
Corporate Author: Institutional Investor (Firm)
Format: Electronic Journal
Language:English
Published: [London] : [Euromoney Institutional Investor]
Edition:International ed.
Subjects:
Online Access:Full text available from Research Library: 04/01/1998 to 05/31/2008

MARC

LEADER 00000nas a2200000 a 4500
001 ssj0000803
003 WaSeSS
005 20200512172242.0
006 m d
007 cr n
008 991005c19769999enkmr pss 0 0eng c
010 |a  2006263229 
022 |y 0192-5660 
035 |a (WaSeSS)ssj0000803 
037 |b Euromoney Institutional Investor, Nestor House, Playhouse Yard, London EC4V 5EX 
040 |a AAA  |b eng  |c AAA  |d OCL  |d OCLCQ  |d TXA  |d OCLCQ  |d OCLCO  |d OCLCF  |d OCLCO  |d OCLCQ  |d VT2  |d WaSeSS 
042 |a pcc 
050 1 4 |a HG4501  |b .I583 
130 0 |a Institutional investor (International ed. : Online) 
245 1 0 |a Institutional investor  |h [electronic resource]. 
250 |a International ed. 
260 |a [London] :  |b [Euromoney Institutional Investor] 
310 |a Monthly 
362 1 |a Print began with issue for Mar. 1976. 
506 |a License restrictions may limit access. 
538 |a Mode of access: World Wide Web. 
588 |a Description based on: Vol. 22, issue 8 (Aug. 1997); title from issue table of contents (EbscoHost, viewed Nov. 7, 2006). 
588 |a Latest issue consulted: Vol. 31, issue 6 (Sept. 2006) (viewed Nov. 7, 2006). 
650 0 |a Institutional investments  |v Periodicals. 
650 0 |a Investments  |v Periodicals. 
650 7 |a Institutional investments.  |2 fast  |0 (OCoLC)fst00974299 
650 7 |a Investments.  |2 fast  |0 (OCoLC)fst00978234 
655 0 |a Electronic journals. 
710 2 |a Institutional Investor (Firm) 
775 0 |t Institutional investor (U.S. ed. : Online)  |w (OCoLC)50212413 
776 1 |t Institutional investor (International ed.)  |x 0192-5660  |w (DLC) 79643519  |w (OCoLC)5031892 
856 4 0 |z Full text available from Research Library: 04/01/1998 to 05/31/2008  |u https://search.proquest.com/publication/49136